000 00464nam a22001817a 4500
005 20250813101316.0
008 250621b |||||||| |||| 00| 0 eng d
020 _a9780743219600
_qpbk
041 _aeng
082 _a823.914 JAM
100 _aJames. P. D
245 _aShroud For A Nightingale
_c/ P.D.James
250 _a1st ed
260 _aNew york
_bSimon & schuster
_c2001
300 _a363p. :
_c22cm
650 _aEnglish fiction
942 _cENGLISH
999 _c573368
_d573368